Central Library OPAC University of Rajshahi

Influence of Sowing dates and Split application of Nitrogen on growth, Yield and Quality barley / (Record no. 75497)

MARC details
000 -LEADER
fixed length control field 01118ntm a2200277 a 4500
001 - CONTROL NUMBER
control field 75497
003 - CONTROL NUMBER IDENTIFIER
rucl marc code BD-RjUL
005 - DATE AND TIME OF LATEST TRANSACTION
control field 20211209082712.0
008 - FIXED-LENGTH DATA ELEMENTS--GENERAL INFORMATION
fixed length control field 190416s2016 bg a|||| mb|| 00| 0 eng d
035 ## - SYSTEM CONTROL NUMBER
System control number (BD-RjUL)75715
040 ## - CATALOGING SOURCE
Original cataloging agency BD-RjUL
Language of cataloging eng
Transcribing agency BD-RjUL
Modifying agency BD-RjUL
041 ## - LANGUAGE CODE
Language code of text/sound track or separate title eng
082 ## - DEWEY DECIMAL CLASSIFICATION NUMBER
Edition number 23
Classification number 633.16894
Author mark and year ZAI 2016
100 1# - MAIN ENTRY--PERSONAL NAME
Personal name Zahan, Shirin Akther
9 (RLIN) 230724
245 10 - TITLE STATEMENT
Title Influence of Sowing dates and Split application of Nitrogen on growth, Yield and Quality barley /
Statement of responsibility, etc. Submitted by Shirin Akther Zahan ;
Linkage Suvervisor : Md. Belal Hossain ; Co-Supervisor: Md. Arifur Rahman
260 ## - PUBLICATION, DISTRIBUTION, ETC. (IMPRINT)
Place of publication, distribution, etc. Rajshahi:
Name of publisher, distributor, etc. Department of Agronomy and Agricultural Extention, R. U.,
Date of publication, distribution, etc. 2016
300 ## - PHYSICAL DESCRIPTION
Pagination xvi, 189leaves:
Illustrations Ill. ;
Size 30 cm.
502 ## - DISSERTATION NOTE
Dissertation note Thesis (Ph.D.) -- Department of Agronomy and Agricultural Extention, R. U., 2016
504 ## - BIBLIOGRAPHY, ETC. NOTE
Bibliography, etc Refernces : leaves 145-169
650 ## - SUBJECT ADDED ENTRY--TOPICAL TERM
Topical term or geographic name as entry element Barley
Form subdivision Fertilizers
9 (RLIN) 230725
Topical term or geographic name as entry element Barley
Form subdivision Growth
9 (RLIN) 230726
Topical term or geographic name as entry element Barley
Form subdivision Yields
9 (RLIN) 230727
700 ## - ADDED ENTRY--PERSONAL NAME
Personal name Hossain, Md. Belal, Suvervisor
Personal name Rahman, Md. Arifur, Co-Supervisor
942 ## - ADDED ENTRY ELEMENTS (KOHA)
Source of classification or shelving scheme Dewey Decimal Classification
Koha item type Theses
Holdings
Lost status Source of classification or shelving scheme Damaged status Not for loan Collection code Permanent Location Current Location Shelving location Date acquired Source of acquisition Total Checkouts Full call number Date last seen Copy number Koha item type
  Dewey Decimal Classification   Not For Loan Theses Central Library, University of Rajshahi Central Library, University of Rajshahi Documentation Section 16/01/2018 Controller of Examination Office, R. U.   THE 633.16894 ZAI 2016 16/04/2019 C-1 Theses